00754nam a2200217Ii 45000010005000000030009000050080041000140400033000550410008000880820016000961000030001122450019001422640073001613000012002343360026002463370028002723380027003009400050003279990017003779520142003946495CO-ViMGA241108s9999||||xx |||||||||||||| ||und|| aCO-ViMGAbspaerdacCO-ViMGA0 aunk04a863.42-R61h1 aAugusto Roa Bastos95367810aHijo de hombre 1a[Lugar de publicación no identificado] : Ediciones Alfaguara, 1985 avolumen atextbtxt2rdacontent aunmediatedbn2rdamedia avolumebnc2rdacarrier aidficha_siabuc: 6346. -- ficha_no_siabuc:6495 c50388d50388 001040708001aMEVIGERRbMEVIGERRcGENd2006-11-27hVol.1o863.42-R61hpECA5930r2024-11-26 10:01:52tEj.1w2024-11-26yBKz6346 | 8886